Má India šancu stať sa jednou z budúcich mocností vo svetovej ekonomike?

Indická ekonomika rastie za ostatné roky v priemere takmer o päť percent ročne. Napriek tomu je hospodársky výhľad krajiny zmiešaný. Na jednej strane disponuje India silným rastom a zdravým trhom. Na druhej strane komplikuje krajine rozvoj nedostatočná infraštruktúra, vyšší rozpočtový deficit, nízky...

Descrizione completa

Salvato in:
Dettagli Bibliografici
Autore principale: Kordoš, Marcel
Natura: Capitolo di libro
Lingua:slovacco
Soggetti:
Tags: Aggiungi Tag
Nessun Tag, puoi essere il primo ad aggiungerne!!

MARC

LEADER 00000naa a2200000 4500
001 0144814
005 20231207072429.0
041 0 |a slo 
044 |a SK 
245 1 0 |a Má India šancu stať sa jednou z budúcich mocností vo svetovej ekonomike?  |c Marcel Kordoš 
520 |a Indická ekonomika rastie za ostatné roky v priemere takmer o päť percent ročne. Napriek tomu je hospodársky výhľad krajiny zmiešaný. Na jednej strane disponuje India silným rastom a zdravým trhom. Na druhej strane komplikuje krajine rozvoj nedostatočná infraštruktúra, vyšší rozpočtový deficit, nízky prílev priamych zahraničných investícií a pomalý rast zamestnanosti. Druhá najľudnatejšia krajina sveta s veľkým prírodným bohatstvom má parametre vrátiť sa vo vývoji na miesto, kde už bola. Charakteristika jej budúceho postavenia a jej manevrovací priestor v systéme svetovej ekonomiky. 
610 2 0 |a situácia hospodárska 
610 2 0 |a hospodárstvo svetové 
610 2 0 |a India 
610 2 0 |a rast hospodársky 
610 2 0 |a nezamestnanosť 
610 2 0 |a BRICS 
100 1 |a Kordoš, Marcel